Catálogo público

Análisis de las características generales y descripción de procesos agroindustriales observados en 25 empresas en la región centro y sur del país / (Record no. 178310)

MARC details
000 -CABECERA
campo de control de longitud fija 03063nam a2200493Ia 4500
001 - NÚMERO DE CONTROL
campo de control dia_7057
003 - IDENTIFICADOR DEL NÚMERO DE CONTROL
campo de control CHAP
005 - FECHA Y HORA DE LA ÚLTIMA TRANSACCIÓN
campo de control 20240514132121.0
007 - CAMPO FIJO DE DESCRIPCIÓN FÍSICA--INFORMACIÓN GENERAL
campo de control de longitud fija ta
008 - DATOS DE LONGITUD FIJA--INFORMACIÓN GENERAL
campo de control de longitud fija 220117s2018 mx abdof 001 0 spa d
040 ## - FUENTE DE LA CATALOGACIÓN
Centro/agencia transcriptor CHAP
Centro catalogador/agencia de origen mxchpua
090 ## - LOCALMENTE ASIGNADO TIPO-LC NÚMERO DE CLASIFICACIÓN (OCLC); NÚMERO DE CLASIFICACIÓN LOCAL (RLIN)
Número de clasificación (OCLC) (R) ; Numero de clasificación, CALL (RLIN) (NR) T.C.761
Número cutter local (OCLC) ; Número de libro/Signatura topográfica íntegra, CALL (RLIN) V45 IA
Año 2018
245 10 - MENCIÓN DE TÍTULO
Título Análisis de las características generales y descripción de procesos agroindustriales observados en 25 empresas en la región centro y sur del país /
Mención de responsabilidad, etc. coordinador Alejandra Velázquez Castillo ; colaboradores Otoniel Bautista Arce...[y otros]
260 ## - PUBLICACIÓN, DISTRIBUCIÓN, ETC.
Lugar de publicación, distribución, etc. México :
Nombre del editor, distribuidor, etc. El autor,
Fecha de publicación, distribución, etc. 2018
300 ## - DESCRIPCIÓN FÍSICA
Extensión 357 páginas :
Otras características físicas ilustraciones, tablas, gráficas, diagramas, mapas, fotos
336 ## - TIPO DE CONTENIDO
Fuente rdacontent
Término de tipo de contenido texto
Código de tipo de contenido txt
337 ## - TIPO DE MEDIO
Fuente rdamedia
Nombre/término del tipo de medio no mediado
Código del tipo de medio n
338 ## - TIPO DE SOPORTE
Fuente rdacarrier
Nombre/término del tipo de soporte volumen
Código del tipo de soporte nc
500 ## - NOTA GENERAL
Nota general Grado: 4° año Grupo: 05<br/>Directorio: páginas 349-350
502 ## - NOTA DE TESIS
Nota de tesis Viaje de estudios
Tipo de título (IA) --
Nombre de la institución que otorga el título UACh. Departamento de Ingeniería Agroindustrial,
Año de obtención del título 2018
504 ## - NOTA DE BIBLIOGRAFÍA, ETC.
Nota de bibliografía, etc. Incluye bibliografías
505 00 - NOTA DE CONTENIDO CON FORMATO
Nota de contenido con formato Empresas visitadas : --<br/>
Título 1.Cervecería Cuauhtémoc Moctezuma, S.A. de C.V. --<br/>2.Grupo Cooperativo Quali --<br/>3.Socorro Romero Sánchez, S.A. de C.V. --<br/>4.Aceites y Proteínas El Calvario, S. de C.V. --<br/>5.Muéganos El Águila Real, S. de R.L. --<br/>6.RICINOMEX, S. de R.L. de C.V. --<br/>7.Mezcal El Rey de Zapoteco, S.A. de C.V. --<br/>8.El Rey de Matatlán --<br/>9.Amaranto de Mesoamérica para el mundo, S.C. de R.L. --<br/>10.INALIM Comercializadora, S.A. de C.V. --<br/>11.Compañía Cervecera del Trópico, S.A. de C.V. --<br/>12.Frutas y Conservas de Veracruz, S.A. de C.V. --<br/>13.Descafeinadores de México, S.A. de C.V. --<br/>14.Schettino Hermanos, S. de R.L. de C.V. --<br/>15.Ingenio el Carmen, S.A. de C.V. --<br/>16.Cítricos Ex, S.A. de C.V. --<br/>17.TropicPak, S.A. de C.V. --<br/>18.Enceradora Las Vegas, S.A. de C.V. --<br/>19.Elaboración de quesos Jaltepec, S.A. de C.V. --<br/>20.Centro de Nutrición del Valle de Tulantongo, S.A. de C.V. --<br/>21.INGREDION México, S.A. de C.V. --<br/>22.Alimentos Balanceados y Servicios Integrados 2070, S.A. de C.V. --<br/>23.Rastro Municipal Tipo TIF 412 \ 24. Freixenet México, S.A. de C.V. --<br/>25.Nora Ileana Vidaurri Damm
650 13 - PUNTO DE ACCESO ADICIONAL DE MATERIA--TÉRMINO DE MATERIA
Término de materia o nombre geográfico como elemento de entrada Industria del ganado y de la carne
9 (RLIN) 147937
650 13 - PUNTO DE ACCESO ADICIONAL DE MATERIA--TÉRMINO DE MATERIA
Término de materia o nombre geográfico como elemento de entrada Frutos
9 (RLIN) 150524
650 13 - PUNTO DE ACCESO ADICIONAL DE MATERIA--TÉRMINO DE MATERIA
Término de materia o nombre geográfico como elemento de entrada Alcoholes etílicos
9 (RLIN) 148013
650 13 - PUNTO DE ACCESO ADICIONAL DE MATERIA--TÉRMINO DE MATERIA
Término de materia o nombre geográfico como elemento de entrada Cacao
Subdivisión general Industria y comercio
9 (RLIN) 150787
650 13 - PUNTO DE ACCESO ADICIONAL DE MATERIA--TÉRMINO DE MATERIA
Término de materia o nombre geográfico como elemento de entrada Verduras
9 (RLIN) 150530
650 13 - PUNTO DE ACCESO ADICIONAL DE MATERIA--TÉRMINO DE MATERIA
Término de materia o nombre geográfico como elemento de entrada Vinos
650 13 - PUNTO DE ACCESO ADICIONAL DE MATERIA--TÉRMINO DE MATERIA
Término de materia o nombre geográfico como elemento de entrada Cocoa industry
9 (RLIN) 150788
650 13 - PUNTO DE ACCESO ADICIONAL DE MATERIA--TÉRMINO DE MATERIA
Término de materia o nombre geográfico como elemento de entrada Distilled spirits
9 (RLIN) 148015
650 13 - PUNTO DE ACCESO ADICIONAL DE MATERIA--TÉRMINO DE MATERIA
Término de materia o nombre geográfico como elemento de entrada Fruits
9 (RLIN) 150789
650 13 - PUNTO DE ACCESO ADICIONAL DE MATERIA--TÉRMINO DE MATERIA
Término de materia o nombre geográfico como elemento de entrada Livestock and meat industry
9 (RLIN) 147938
650 13 - PUNTO DE ACCESO ADICIONAL DE MATERIA--TÉRMINO DE MATERIA
Término de materia o nombre geográfico como elemento de entrada Wines
9 (RLIN) 148017
Subdivisión geográfica coordinador
650 13 - PUNTO DE ACCESO ADICIONAL DE MATERIA--TÉRMINO DE MATERIA
Término de materia o nombre geográfico como elemento de entrada Vegetables
9 (RLIN) 151808
700 1# - PUNTO DE ACCESO ADICIONAL--NOMBRE DE PERSONA
Nombre de persona Velázquez Castillo, Alejandra
9 (RLIN) 118517
Término indicativo de función/relación coordinador
700 1# - PUNTO DE ACCESO ADICIONAL--NOMBRE DE PERSONA
Nombre de persona Bautista Arce, Otoniel
9 (RLIN) 162884
Término indicativo de función/relación colaborador
856 42 - LOCALIZACIÓN Y ACCESO ELECTRÓNICOS
Identificador Uniforme del Recurso <a href="http://10.13.5.2/ve/TC761IA/TC761IA2018-REPORTE.pdf">http://10.13.5.2/ve/TC761IA/TC761IA2018-REPORTE.pdf</a>
Texto de enlace DESCARGAR REPORTE
942 ## - ELEMENTOS DE PUNTO DE ACCESO ADICIONAL (KOHA)
Fuente del sistema de clasificación o colocación Clasificación Universidad Autónoma de Chapingo
901 ## - ELEMENTOS DE DATOS A LOCAL LDA (RLIN)
a T.C.761 V45 IA 2018
902 ## - ELEMENTOS DE DATOS B LOCAL, LDB (RLIN)
a M
905 ## - ELEMENTOS DE DATOS E LOCAL, LDE (RLIN)
a 5232272018 mx dnml8223123322spa16
942 ## - ELEMENTOS DE PUNTO DE ACCESO ADICIONAL (KOHA)
Tipo de ítem Koha Viaje de Estudios
Holdings
Estado de retiro Estado de pérdida Fuente del sistema de clasificación o colocación Estado dañado Restricciones de uso No para préstamo Código de colección Localización permanente Ubicación/localización actual Fecha de adquisición Fuente de adquisición Total de préstamos Signatura topográfica completa Código de barras Fecha visto por última vez Número de copia Precio válido a partir de Tipo de ítem Koha Ubicación en estantería
    Clasificación Universidad Autónoma de Chapingo   Préstamo interno   Viajes de Estudio Ingenieria Agroindustrial Ingenieria Agroindustrial 18/01/2022 El autor   T.C.761 V45 IA 2018 1106011845 18/01/2022 Ej.3 18/01/2022 CD  
    Clasificación Universidad Autónoma de Chapingo   Préstamo interno   Viajes de Estudio Ingenieria Agroindustrial Ingenieria Agroindustrial 18/01/2022 El autor   T.C.761 V45 IA 2018 1106011843 26/01/2026 Ej.1 18/01/2022 Viaje de Estudios  
    Clasificación Universidad Autónoma de Chapingo   Préstamo interno   Viajes de Estudio Ingenieria Agroindustrial Ingenieria Agroindustrial 18/01/2022 El autor   T.C.761 V45 IA 2018 1106011844 18/01/2022 Ej.2 18/01/2022 CD  
    Clasificación Universidad Autónoma de Chapingo       Viajes de estudio - En línea Ingenieria Agroindustrial Ingenieria Agroindustrial 18/01/2022 El autor   T.C.761 V45 IA 2018 1206011843 14/05/2024   14/05/2024 Viajes de Estudio - En línea En línea